000 00839cab a2200217 4500
001 ABS37669
008 090401t1987 xxu||||| |||| 00| 0 eng d
035 _a(Sirsi) u6043
041 _aeng
100 _aFagan, P.
245 _aAs solid as concrete ?
260 _c1987
350 _a0
490 _aMiddle East Construction
_vApril/May 1987, 20-21(2)
520 _aOne of the problems facing Middle East construction is premature deterioration of reinforced concrete . The author looks at recent developments within the industry to prevent deterioration. Considers climatic conditions as a cause, the attitude of the Gulf countries to the problem and some available solutions.
650 _aCATHODIC PROTECTION
650 _aEPOXY COATINGS
690 _aBUILDING AND CONSTRUCTION-OVERSEAS
942 _n0
948 _c04/03/1997
999 _c3622
_d3622